[Event "WYCC U14 Open 2019"]
[Site "Mumbai"]
[Date "2019.10.07"]
[Round "7.8"]
[White "Wu, Logan"]
[Black "Aaryan Varshney"]
[Result "1-0"]
[WhiteElo "1994"]
[BlackElo "2239"]
[Annotator "ChessBase"]
[PlyCount "113"]
[EventDate "2019.10.02"]
[EventType "swiss"]
[EventCountry "IND"]
[SourceTitle "playchess.com"]
[Source "ChessBase"]
[SourceQuality "1"]
[TimeControl "40/5400+30:1800+30"]

1. e4 {[%emt 0:00:00]} c5 {[%emt 0:00:00]} 2. Nf3 {[%emt 0:00:00]} d6 {[%emt 0:00:00]} 3. d4 {[%emt 0:00:00]} cxd4 {[%emt 0:00:05]} 4. Nxd4 {[%emt 0:00:07]} Nf6 {[%emt 0:00:09]} 5. Nc3 {[%emt 0:00:04]} a6 {[%emt 0:00:16]} 6. f3 {[%emt 0:00:22]} e5 {[%emt 0:00:09]} 7. Nb3 {[%emt 0:00:06]} Be6 {[%emt 0:00:21]} 8. Be3 {[%emt 0:00:05]} Be7 {[%emt 0:00:06]} 9. Qd2 {[%emt 0:00:05]} O-O {[%emt 0:00:17]} 10. O-O-O {[%emt 0:00:29]} Nbd7 {[%emt 0:00:24]} 11. g4 {[%emt 0:00:13]} b5 {[%emt 0:00:10]} 12. Rg1 {[%emt 0:00:07]} b4 {[%emt 0:00:58]} 13. Nd5 {[%emt 0:00:06]} Bxd5 {[%emt 0:01:00]} 14. exd5 {[%emt 0:00:05]} Nb6 {[%emt 0:01:56]} 15. Na5 {[%emt 0:00:17]} Nfxd5 {[%emt 0:01:19]} 16. Nc6 {[%emt 0:00:16]} Qc7 {[%emt 0:01:28]} 17. Nxe7+ {[%emt 0:00:07]} Qxe7 {[%emt 0:00:30]} 18. Bxb6 {[%emt 0:00:06]} Nxb6 {[%emt 0:00:29]} 19. Qxd6 {[%emt 0:00:07]} Qg5+ {[%emt 0:00:31]} 20. Qd2 {[%emt 0:00:09]} Qxd2+ {[%emt 0:01:51]} 21. Rxd2 {[%emt 0:00:07]} Rfd8 {[%emt 0:00:52]} 22. Rxd8+ {[%emt 0:09:03]} Rxd8 {[%emt 0:00:07]} 23. Bxa6 {[%emt 0:02:12]} Ra8 {[%emt 0:01:51]} 24. Rd1 {[%emt 0:00:25]} Kf8 {[%emt 0:02:59]} 25. Bb5 {[%emt 0:02:43]} Ra5 {[%emt 0:05:00]} 26. Be2 {[%emt 0:20:04]} Ke7 {[%emt 0:17:19]} 27. Kb1 {[%emt 0:01:33]} Nd5 {[%emt 0:01:11]} 28. Bd3 {[%emt 0:05:21]} Nf4 {[%emt 0:11:24]} 29. Bc4 {[%emt 0:02:23]} Rc5 {[%emt 0:02:58]} 30. b3 {[%emt 0:01:32]} h5 {[%emt 0:07:27]} 31. gxh5 {[%emt 0:02:27]} Nxh5 {[%emt 0:00:29]} 32. Kb2 {[%emt 0:02:12]} f5 {[%emt 0:00:42]} 33. c3 {[%emt 0:01:39]} bxc3+ {[%emt 0:00:32]} 34. Kxc3 {[%emt 0:00:02]} Nf4 {[%emt 0:00:49]} 35. a4 {[%emt 0:02:43]} Rc7 {[%emt 0:02:06]} 36. Kb4 {[%emt 0:03:12]} Rb7+ {[%emt 0:06:42]} 37. Kc5 {[%emt 0:02:44]} Ne6+ {[%emt 0:01:39]} 38. Bxe6 {[%emt 0:17:23]} Kxe6 {[%emt 0:00:14]} 39. b4 {[%emt 0:02:30]} Rc7+ {[%emt 0:01:33]} 40. Kb6 {[%emt 0:02:26]} Rc4 {[%emt 0:02:07]} 41. Rb1 {[%emt 0:37:14]} Rc3 {[%emt 0:39:05]} 42. a5 {[%emt 0:03:38]} Rxf3 {[%emt 0:01:40]} 43. a6 {[%emt 0:00:00]} Ra3 {[%emt 0:00:00]} 44. a7 {[%emt 0:00:00]} f4 {[%emt 0:00:00]} 45. Kb7 {[%emt 0:00:00]} e4 {[%emt 0:00:00]} 46. a8=Q {[%emt 0:00:00]} Rxa8 {[%emt 0:00:00]} 47. Kxa8 {[%emt 0:00:00]} f3 {[%emt 0:00:00]} 48. b5 {[%emt 0:00:00]} e3 {[%emt 0:00:00]} 49. b6 {[%emt 0:00:00]} f2 {[%emt 0:00:00]} 50. b7 {[%emt 0:00:00]} e2 {[%emt 0:00:00]} 51. b8=Q {[%emt 0:00:00]} f1=Q {[%emt 0:00:00]} 52. Qb6+ {[%emt 0:00:00]} Ke7 {[%emt 0:00:00]} 53. Qb7+ {[%emt 0:00:00]} Kf8 {[%emt 0:00:00]} 54. Qb4+ {[%emt 0:00:00]} Kg8 {[%emt 0:00:00]} 55. Qc4+ {[%emt 0:00:00]} Kh7 {[%emt 0:00:00]} 56. Rxf1 {[%emt 0:00:00]} exf1=Q {[%emt 0:00:00]} 57. Qxf1 {[%emt 0:00:00]} 1-0

[Event "WYCC U14 Open 2019"]
[Site "Mumbai"]
[Date "2019.10.07"]
[Round "7.9"]
[White "Amanzhol, Sultan"]
[Black "Flores Quillas, Diego Saul Rodri"]
[Result "0-1"]
[WhiteElo "2032"]
[BlackElo "2164"]
[Annotator "ChessBase"]
[PlyCount "112"]
[EventDate "2019.10.02"]
[EventType "swiss"]
[EventCountry "IND"]
[SourceTitle "playchess.com"]
[Source "ChessBase"]
[SourceQuality "1"]
[TimeControl "40/5400+30:1800+30"]

1. d4 Nf6 2. c4 c5 3. d5 e6 4. Nf3 exd5 5. cxd5 d6 6. e4 g6 7. h3 Bg7 8. Bd3 O-O 9. O-O Re8 10. Nbd2 Na6 11. Re1 Nc7 12. a4 b6 13. Nc4 Ba6 14. Qc2 Bxc4 15. Bxc4 Nd7 16. Bg5 Bf6 17. Bf4 Qe7 18. Bb5 Nxb5 19. axb5 Ne5 20. Nd2 Qd7 21. Bxe5 Bxe5 22. Qb3 Re7 23. Ra4 Rae8 24. Rea1 Bf4 25. Nf1 Rxe4 26. Rxa7 Qf5 27. Rb7 R8e7 28. Rxb6 Re2 29. Qf3 Qe5 30. Rb8+ Kg7 31. b6 Rxb2 32. Ra4 Rb1 33. Qd3 Rb2 34. g3 Bd2 35. Kg2 Be1 36. Rf4 Re2 37. Ra8 Qb2 38. Ra7 Rxf2+ 39. Kh1 Rfe2 40. b7 R2e5 41. Qa6 Re2 42. b8=Q Qxb8 43. Qa1+ R7e5 44. Rfxf7+ Kh6 45. Rxh7+ Kg5 46. Ra4 Bb4 47. Qc1+ Bd2 48. Nxd2 Re1+ 49. Kg2 Rxc1 50. Rf4 Re2+ 51. Kf3 Rc3+ 52. Kxe2 Rxg3 53. Rhh4 Qb2 54. Rhg4+ Rxg4 55. Rxg4+ Kh6 56. Re4 Qb7 0-1

[Event "WYCC U14 Open 2019"]
[Site "Mumbai"]
[Date "2019.10.07"]
[Round "7.10"]
[White "Kolay, Alex"]
[Black "Sun, Jiajun B"]
[Result "1-0"]
[WhiteElo "2164"]
[BlackElo "1977"]
[Annotator "ChessBase"]
[PlyCount "80"]
[EventDate "2019.10.02"]
[EventType "swiss"]
[EventCountry "IND"]
[SourceTitle "playchess.com"]
[Source "ChessBase"]
[SourceQuality "1"]
[TimeControl "40/5400+30:1800+30"]

1. d4 {[%emt 0:00:00]} Nf6 {[%emt 0:00:00]} 2. c4 {[%emt 0:00:00]} e6 {[%emt 0:00:00]} 3. Nf3 {[%emt 0:00:00]} d5 {[%emt 0:00:00]} 4. Nc3 {[%emt 0:00:00]} c6 {[%emt 0:00:21]} 5. Bg5 {[%emt 0:00:02]} Nbd7 {[%emt 0:00:14]} 6. e3 {[%emt 0:00:16]} Be7 {[%emt 0:00:17]} 7. Qc2 {[%emt 0:00:12]} O-O {[%emt 0:00:55]} 8. Rd1 {[%emt 0:00:15]} h6 {[%emt 0:02:15]} 9. Bh4 {[%emt 0:00:22]} b6 {[%emt 0:09:46]} 10. Bd3 {[%emt 0:04:24]} Bb7 {[%emt 0:00:54]} 11. O-O {[%emt 0:01:57]} Re8 {[%emt 0:00:53]} 12. Qe2 {[%emt 0:03:59]} dxc4 {[%emt 0:03:39]} 13. Bxc4 {[%emt 0:00:12]} b5 {[%emt 0:05:32]} 14. Bd3 {[%emt 0:06:59]} b4 {[%emt 0:01:21]} 15. Ne4 {[%emt 0:05:05]} Nxe4 {[%emt 0:01:39]} 16. Bxe7 {[%emt 0:00:08]} Qxe7 {[%emt 0:00:44]} 17. Bxe4 {[%emt 0:00:09]} Nf6 {[%emt 0:00:03]} 18. Bb1 {[%emt 0:02:59]} c5 {[%emt 0:00:21]} 19. dxc5 {[%emt 0:14:37]} Qxc5 {[%emt 0:00:06]} 20. Rc1 {[%emt 0:00:24]} Qb6 {[%emt 0:02:13]} 21. Rfd1 {[%emt 0:10:58]} Rad8 {[%emt 0:00:40]} 22. h3 {[%emt 0:01:11]} Ba8 {[%emt 0:07:29]} 23. Bd3 {[%emt 0:06:15]} Qa5 {[%emt 0:09:01]} 24. Bb5 {[%emt 0:04:21]} Rxd1+ {[%emt 0:00:46]} 25. Rxd1 {[%emt 0:00:07]} Rc8 {[%emt 0:00:56]} 26. Ba6 {[%emt 0:08:29]} Rc5 {[%emt 0:02:32]} 27. Bc4 {[%emt 0:03:08]} Bd5 {[%emt 0:13:49]} 28. Bxd5 {[%emt 0:02:02]} Rxd5 {[%emt 0:01:08]} 29. Rxd5 {[%emt 0:01:00]} Qxd5 {[%emt 0:00:07]} 30. Qa6 {[%emt 0:00:28]} Qc5 {[%emt 0:00:11]} 31. Qb7 {[%emt 0:11:30]} Qc1+ {[%emt 0:00:42]} 32. Kh2 {[%emt 0:00:04]} Qxb2 {[%emt 0:00:04]} 33. Qxa7 {[%emt 0:05:37]} Qxf2 {[%emt 0:02:41]} 34. Qb8+ {[%emt 0:01:53]} Kh7 {[%emt 0:00:11]} 35. Qxb4 {[%emt 0:00:04]} Qxa2 36. Qb7 {[%emt 0:07:05]} Qe2 {[%emt 0:13:11]} 37. Qb1+ {[%emt 0:00:35]} Kh8 {[%emt 0:03:27]} 38. Qb8+ {[%emt 0:00:02]} Kh7 {[%emt 0:05:32]} 39. Qb1+ {[%emt 0:00:05]} Kh8 {[%emt 0:02:55]} 40. Qb8+ {[%emt 0:00:04]} Kh7 {[%emt 0:03:03]} 1-0

[Event "WYCC U14 Open 2019"]
[Site "Mumbai"]
[Date "2019.10.07"]
[Round "7.11"]
[White "Colbow, Collin"]
[Black "Ayush Sharma"]
[Result "0-1"]
[WhiteElo "2148"]
[BlackElo "1939"]
[Annotator "TA"]
[PlyCount "56"]
[EventDate "2019.10.02"]
[EventType "swiss"]
[EventCountry "IND"]
[SourceTitle "playchess.com"]
[Source "ChessBase"]
[SourceQuality "1"]

{[%evp 13,56,18,24,-4,4,-3,0,-34,53,-5,-13,-12,-22,-87,-91,-91,-103,-106,-58,-79,-58,-68,-53,-187,-191,-208,-176,-220,-228,-376,-355,-314,-320,-313,-326,-426,-409,-482,-474,-439,-420,-1144,-1137,-1060,-1041]} 1. e4 c5 2. Nf3 d6 3. d4 cxd4 4. Nxd4 Nf6 5. Nc3 a6 6. Be3 e5 7. Nb3 Be7 8. h3 {B90: Sicilian Najdorf: Unusual White 6th moves, 6 Be3 Ng4 and 6 Be3 e5} (8. f3 Be6 9. Qd2 Nbd7 10. g4 b5 11. O-O-O O-O 12. g5 b4 13. Ne2 Nh5 14. Ng3 Nf4 15. h4 a5 16. Kb1 a4 17. Nc1 b3 18. cxb3 axb3 19. a3 Qc7 20. Bxf4 exf4 {1-0 (49) Dominguez Perez,L (2763)-Vachier Lagrave,M (2778) Saint Louis 2019}) 8... Be6 9. Qf3 O-O 10. O-O-O {The position is equal.} a5 (10... b5 $15) 11. a4 ({White should try} 11. Nc5 $14) 11... Na6 $11 12. Kb1 $146 ({Predecessor:} 12. g4 Rc8 13. Bb5 Nb4 14. g5 Nd7 15. h4 Qc7 {1-0 (45) Perunovic,M (2597)-Radovanovic,J (2305) Skopje 2018}) 12... Rc8 13. Nd5 {[#]} (13. Bb5 $11 {keeps the balance.}) 13... Nxd5 $1 $17 ({Much worse is} 13... Bxd5 $6 14. exd5 Nc7 15. Nxa5 $11) 14. exd5 Bd7 15. Bb5 f5 16. Bd2 Bxb5 17. axb5 Nb4 18. Bxb4 ({White should play} 18. c3 $15 e4 19. Qe2) 18... axb4 $19 19. Qe2 Qb6 20. h4 Rc7 21. Kc1 (21. g4 {was necessary.}) 21... Rfc8 22. Rd2 Qa7 23. b6 Qxb6 24. g4 Qa7 25. gxf5 Qa2 {aiming for ...Qxb3.} 26. Rh3 Bf6 {Threatens to win with ...e4!} 27. Qd3 {[#]} (27. Qb5 $142 e4 28. Kd1) 27... e4 $1 {[%mdl 512]} 28. Qxe4 Re7 {Accuracy: White = 19%, Black = 64%.} 0-1

[Event "WYCC U14 Open 2019"]
[Site "Mumbai"]
[Date "2019.10.07"]
[Round "7.12"]
[White "Shah Jeet"]
[Black "Pham, Khoi"]
[Result "1-0"]
[WhiteElo "1844"]
[BlackElo "2121"]
[Annotator "ChessBase"]
[PlyCount "73"]
[EventDate "2019.10.02"]
[EventType "swiss"]
[EventCountry "IND"]
[SourceTitle "playchess.com"]
[Source "ChessBase"]
[SourceQuality "1"]
[TimeControl "40/5400+30:1800+30"]

1. e4 {[%emt 0:00:00]} c5 {[%emt 0:00:00]} 2. Nf3 {[%emt 0:00:00]} d6 {[%emt 0:00:00]} 3. d4 {[%emt 0:00:00]} cxd4 {[%emt 0:00:00]} 4. Nxd4 {[%emt 0:00:00]} Nf6 {[%emt 0:00:02]} 5. Nc3 {[%emt 0:00:00]} a6 {[%emt 0:00:10]} 6. Bc4 {[%emt 0:00:01]} e6 {[%emt 0:00:10]} 7. Bb3 {[%emt 0:00:04]} b5 {[%emt 0:00:19]} 8. Bg5 {[%emt 0:02:05]} Be7 {[%emt 0:01:40]} 9. Qf3 {[%emt 0:01:25]} Qc7 {[%emt 0:06:08]} 10. e5 {[%emt 0:00:50]} Bb7 {[%emt 0:01:22]} 11. exd6 {[%emt 0:00:05]} Bxd6 {[%emt 0:01:23]} 12. Qe3 {[%emt 0:00:07]} Nbd7 {[%emt 0:15:59]} 13. O-O-O {[%emt 0:21:13]} Be7 {[%emt 0:07:40]} 14. Bxe6 {[%emt 0:11:31]} fxe6 {[%emt 0:03:11]} 15. Nxe6 {[%emt 0:00:07]} Qe5 {[%emt 0:02:46]} 16. Qh3 {[%emt 0:03:28]} Nc5 {[%emt 0:17:01]} 17. Rhe1 {[%emt 0:12:05]} Nfe4 {[%emt 0:07:36]} 18. Nxe4 {[%emt 0:07:21]} Bxe4 {[%emt 0:01:50]} 19. Bxe7 {[%emt 0:05:22]} Nxe6 {[%emt 0:09:07]} 20. Qh4 {[%emt 0:01:06]} g5 {[%emt 0:07:26]} 21. Qxe4 {[%emt 0:01:32]} Qxe4 {[%emt 0:00:31]} 22. Rxe4 {[%emt 0:00:02]} Kxe7 {[%emt 0:00:08]} 23. Rde1 {[%emt 0:00:03]} Ra7 {[%emt 0:00:34]} 24. Rxe6+ {[%emt 0:00:16]} Kf7 {[%emt 0:00:05]} 25. R6e5 {[%emt 0:02:26]} h6 {[%emt 0:01:41]} 26. Rd5 {[%emt 0:03:01]} Rc8 {[%emt 0:00:38]} 27. Rd6 {[%emt 0:02:02]} Kg7 {[%emt 0:01:54]} 28. Red1 {[%emt 0:04:37]} Rcc7 {[%emt 0:00:19]} 29. R1d3 {[%emt 0:02:58]} Rf7 {[%emt 0:00:48]} 30. f3 {[%emt 0:00:58]} Rfe7 {[%emt 0:00:41]} 31. Kd2 {[%emt 0:00:28]} a5 {[%emt 0:01:01]} 32. Re3 {[%emt 0:01:30]} Rec7 {[%emt 0:01:01]} 33. Ree6 Rc5 {[%emt 0:00:57]} 34. Rg6+ {[%emt 0:01:37]} Kf7 {[%emt 0:00:28]} 35. Rxh6 {[%emt 0:00:06]} Ra8 {[%emt 0:01:03]} 36. Rh7+ {[%emt 0:07:43]} Kg8 {[%emt 0:00:34]} 37. Rhd7 {[%emt 0:00:04]} 1-0

[Event "WYCC U14 Open 2019"]
[Site "Mumbai"]
[Date "2019.10.07"]
[Round "7.13"]
[White "Borhy, Marcell"]
[Black "Dhrupad Kashyap"]
[Result "0-1"]
[WhiteElo "2321"]
[BlackElo "2000"]
[Annotator "ChessBase"]
[PlyCount "62"]
[EventDate "2019.10.02"]
[EventType "swiss"]
[EventCountry "IND"]
[SourceTitle "playchess.com"]
[Source "ChessBase"]
[SourceQuality "1"]
[TimeControl "40/5400+30:1800+30"]

1. b3 {[%emt 0:00:00]} e5 {[%emt 0:03:31]} 2. Bb2 {[%emt 0:00:00]} Nc6 {[%emt 0:00:14]} 3. e3 {[%emt 0:00:59]} Nf6 {[%emt 0:00:13]} 4. c4 {[%emt 0:04:03]} d5 {[%emt 0:08:11]} 5. cxd5 {[%emt 0:00:06]} Nxd5 {[%emt 0:00:05]} 6. a3 {[%emt 0:00:04]} Bd6 {[%emt 0:03:10]} 7. Qc2 {[%emt 0:13:50]} Qe7 {[%emt 0:14:45]} 8. d3 {[%emt 0:08:49]} Bd7 {[%emt 0:15:55]} 9. Ne2 {[%emt 0:04:32]} f5 {[%emt 0:01:40]} 10. Nd2 {[%emt 0:14:04]} f4 {[%emt 0:09:11]} 11. e4 {[%emt 0:01:06]} Nf6 {[%emt 0:00:59]} 12. Nc4 {[%emt 0:03:28]} O-O {[%emt 0:01:43]} 13. f3 {[%emt 0:02:41]} b5 {[%emt 0:06:12]} 14. Nxd6 {[%emt 0:05:36]} cxd6 {[%emt 0:01:41]} 15. g3 {[%emt 0:07:01]} Rac8 {[%emt 0:02:29]} 16. Qd2 {[%emt 0:00:47]} Nh5 {[%emt 0:05:48]} 17. Bg2 {[%emt 0:00:55]} Qf7 {[%emt 0:01:05]} 18. b4 {[%emt 0:01:12]} fxg3 {[%emt 0:05:48]} 19. hxg3 {[%emt 0:00:41]} Qg6 {[%emt 0:00:46]} 20. Rg1 {[%emt 0:07:54]} d5 {[%emt 0:02:56]} 21. exd5 {[%emt 0:03:01]} Nd4 {[%emt 0:00:32]} 22. Bxd4 {[%emt 0:01:39]} exd4 {[%emt 0:00:05]} 23. Kf2 {[%emt 0:02:19]} Rce8 {[%emt 0:00:38]} 24. Bh1 {[%emt 0:05:02]} Re3 {[%emt 0:04:49]} 25. Rad1 {[%emt 0:00:51]} Rfe8 {[%emt 0:01:15]} 26. Nxd4 {[%emt 0:00:48]} Qb6 {[%emt 0:00:04]} 27. Qc3 {[%emt 0:02:01]} Re2+ {[%emt 0:00:12]} 28. Kf1 {[%emt 0:00:08]} Bh3+ {[%emt 0:00:11]} 29. Rg2 {[%emt 0:00:24]} Bxg2+ {[%emt 0:00:10]} 30. Bxg2 {[%emt 0:00:06]} Nxg3+ {[%emt 0:00:09]} 31. Kg1 {[%emt 0:00:06]} Nf5 {[%emt 0:00:11]} 0-1

[Event "WYCC U14 Open 2019"]
[Site "Mumbai"]
[Date "2019.10.07"]
[Round "7.14"]
[White "Tadic, Stefan"]
[Black "Suleymanli, Suleyman"]
[Result "1-0"]
[WhiteElo "2295"]
[BlackElo "1941"]
[Annotator "ChessBase"]
[PlyCount "68"]
[EventDate "2019.10.02"]
[EventType "swiss"]
[EventCountry "IND"]
[SourceTitle "playchess.com"]
[Source "ChessBase"]
[SourceQuality "1"]
[TimeControl "40/5400+30:1800+30"]

1. e4 {[%emt 0:00:00]} e6 {[%emt 0:00:00]} 2. d4 {[%emt 0:00:00]} d5 {[%emt 0:00:00]} 3. e5 {[%emt 0:00:00]} c5 {[%emt 0:00:13]} 4. c3 {[%emt 0:00:00]} Qb6 {[%emt 0:00:32]} 5. Nf3 {[%emt 0:00:00]} Nc6 {[%emt 0:00:44]} 6. Bd3 {[%emt 0:00:00]} cxd4 {[%emt 0:00:54]} 7. cxd4 {[%emt 0:00:03]} Bd7 {[%emt 0:00:07]} 8. O-O {[%emt 0:00:07]} Nxd4 {[%emt 0:01:43]} 9. Nbd2 {[%emt 0:00:04]} Nc6 {[%emt 0:09:39]} 10. Nb3 {[%emt 0:00:17]} Nge7 {[%emt 0:05:06]} 11. Bf4 {[%emt 0:04:03]} Ng6 {[%emt 0:04:35]} 12. Bg3 {[%emt 0:01:23]} a5 {[%emt 0:03:50]} 13. h4 {[%emt 0:14:16]} a4 {[%emt 0:03:57]} 14. Nc1 {[%emt 0:01:18]} Bc5 {[%emt 0:06:33]} 15. Ne2 {[%emt 0:20:29]} O-O {[%emt 0:14:28]} 16. h5 {[%emt 0:02:55]} Nge7 {[%emt 0:00:38]} 17. Rc1 {[%emt 0:00:19]} h6 {[%emt 0:06:15]} 18. Bb1 {[%emt 0:01:01]} Ra5 {[%emt 0:05:37]} 19. Bf4 {[%emt 0:01:21]} f5 {[%emt 0:05:46]} 20. exf6 {[%emt 0:04:09]} Rxf6 {[%emt 0:00:27]} 21. a3 {[%emt 0:12:08]} Be8 {[%emt 0:13:29]} 22. Bd2 {[%emt 0:01:57]} Ra8 {[%emt 0:01:25]} 23. Qc2 {[%emt 0:00:05]} Bd6 {[%emt 0:00:39]} 24. Qh7+ {[%emt 0:05:50]} Kf7 {[%emt 0:02:13]} 25. Bg6+ {[%emt 0:08:45]} Nxg6 {[%emt 0:04:19]} 26. Bxh6 {[%emt 0:00:09]} Bf8 {[%emt 0:01:16]} 27. Ng5+ {[%emt 0:06:05]} Ke7 {[%emt 0:00:06]} 28. Bxg7 {[%emt 0:00:03]} Nge5 {[%emt 0:02:17]} 29. Bxf6+ {[%emt 0:05:13]} Kxf6 {[%emt 0:00:07]} 30. Kh1 {[%emt 0:03:53]} Nf7 {[%emt 0:02:26]} 31. Qg6+ {[%emt 0:00:05]} Ke7 {[%emt 0:00:08]} 32. Qxe6+ {[%emt 0:00:04]} Kd8 {[%emt 0:00:06]} 33. Nxf7+ {[%emt 0:00:03]} Bxf7 {[%emt 0:00:08]} 34. Qxf7 {[%emt 0:00:03]} Bd6 {[%emt 0:00:20]} 1-0

[Event "WYCC U14 Open 2019"]
[Site "Mumbai"]
[Date "2019.10.07"]
[Round "7.15"]
[White "Vignesh N R"]
[Black "Nikhil Magizhnan"]
[Result "0-1"]
[WhiteElo "2475"]
[BlackElo "2160"]
[Annotator "TA"]
[PlyCount "26"]
[EventDate "2019.10.02"]
[EventType "swiss"]
[EventCountry "IND"]
[SourceTitle "playchess.com"]
[Source "ChessBase"]
[SourceQuality "1"]

{[%evp 13,62,-17,-13,-19,-21,-26,-12,-57,-58,-72,-56,-116,-116,-123,-95,-91,-50,-85,-70,-70,-72,-70,-68,-99,-91,-94,-95,-89,-88,-87,-111,-162,-164,-277,-277,-327,-312,-385,-399,-392,-387,-379,-388,-395,-390,-444,-450,-435,-432,-801,-739]} 1. e4 e6 2. Nc3 d5 3. Nf3 Nf6 4. e5 Nfd7 5. d4 c5 6. dxc5 Nc6 7. Bf4 Be7 8. Bb5 {C11: French: Classical System: 4 e5 and 4 Bg5 dxe4} (8. h4 Nxc5 9. h5 h6 10. a3 a6 11. Rh3 d4 12. Ne2 d3 13. Nc3 dxc2 14. Qxc2 Nd4 15. Nxd4 Qxd4 {1-0 (38) Nepomniachtchi,I (2720)-Andreikin,D (2683) Moscow 2010}) 8... Nxc5 9. Nd4 Bd7 10. Bxc6 {The position is equal.} bxc6 11. Qe2 $146 ({Predecessor:} 11. Qg4 g6 12. O-O Rb8 13. Bh6 f5 14. exf6 Bxf6 15. Rfe1 Rxb2 16. Nxe6 Nxe6 17. Rxe6+ Bxe6 18. Qxe6+ {½-½ (98) Lugo,B (2406)-Pruess,D (2400) ICC INT 2005}) 11... Rb8 12. Rb1 ({Better is} 12. O-O $15) 12... Rb4 $17 13. Be3 Na4 {Played: Qd8-b8} 0-1

[Event "WYCC U14 Open 2019"]
[Site "Mumbai"]
[Date "2019.10.07"]
[Round "7.16"]
[White "Poltorak, Sebastian"]
[Black "Jain Kashish Manoj"]
[Result "0-1"]
[WhiteElo "2130"]
[BlackElo "1930"]
[Annotator "ChessBase"]
[PlyCount "56"]
[EventDate "2019.10.02"]
[EventType "swiss"]
[EventCountry "IND"]
[SourceTitle "playchess.com"]
[Source "ChessBase"]
[SourceQuality "1"]
[TimeControl "40/5400+30:1800+30"]

1. d4 {[%emt 0:00:00]} Nf6 {[%emt 0:00:00]} 2. c4 {[%emt 0:00:00]} g6 {[%emt 0:00:00]} 3. Nc3 {[%emt 0:00:00]} Bg7 {[%emt 0:00:01]} 4. e4 {[%emt 0:00:00]} d6 {[%emt 0:00:19]} 5. f3 {[%emt 0:00:00]} O-O {[%emt 0:00:45]} 6. Nge2 {[%emt 0:00:00]} c6 {[%emt 0:01:15]} 7. Bg5 {[%emt 0:01:02]} a6 {[%emt 0:01:48]} 8. Qd2 {[%emt 0:03:43]} b5 {[%emt 0:01:35]} 9. cxb5 {[%emt 0:01:02]} axb5 {[%emt 0:01:18]} 10. h4 {[%emt 0:02:57]} Nbd7 {[%emt 0:10:08]} 11. g4 {[%emt 0:05:07]} Qa5 {[%emt 0:10:41]} 12. Kf2 {[%emt 0:08:39]} e5 {[%emt 0:05:25]} 13. Bxf6 {[%emt 0:12:51]} Bxf6 {[%emt 0:04:50]} 14. dxe5 {[%emt 0:04:40]} Nxe5 {[%emt 0:01:17]} 15. Nf4 {[%emt 0:01:07]} Bg7 {[%emt 0:13:52]} 16. Be2 {[%emt 0:03:07]} b4 {[%emt 0:08:44]} 17. Nd1 {[%emt 0:00:53]} d5 {[%emt 0:01:14]} 18. exd5 {[%emt 0:05:08]} cxd5 {[%emt 0:01:13]} 19. Qxd5 {[%emt 0:02:48]} Qb6+ {[%emt 0:05:35]} 20. Kg3 {[%emt 0:05:52]} Bb7 {[%emt 0:01:09]} 21. Qb3 {[%emt 0:01:04]} Nc6 {[%emt 0:04:18]} 22. Nf2 {[%emt 0:09:55]} Nd4 {[%emt 0:06:17]} 23. Qd1 {[%emt 0:00:11]} Rad8 {[%emt 0:02:10]} 24. Re1 {[%emt 0:04:00]} Ne6 {[%emt 0:07:06]} 25. N2d3 {[%emt 0:02:22]} Nxf4 {[%emt 0:02:52]} 26. Kxf4 {[%emt 0:00:05]} Qc7+ {[%emt 0:03:33]} 27. Ke3 {[%emt 0:00:11]} Rfe8+ {[%emt 0:00:05]} 28. Kd2 {[%emt 0:00:35]} Bc3+ {[%emt 0:00:06]} 0-1

[Event "WYCC U14 Open 2019"]
[Site "Mumbai"]
[Date "2019.10.09"]
[Round "8.1"]
[White "Srihari L R"]
[Black "Abinandhan R"]
[Result "0-1"]
[WhiteElo "2283"]
[BlackElo "1830"]
[Annotator "ChessBase"]
[PlyCount "80"]
[EventDate "2019.10.02"]
[EventType "swiss"]
[EventCountry "IND"]
[SourceTitle "playchess.com"]
[Source "ChessBase"]
[SourceQuality "1"]
[TimeControl "40/5400+30:1800+30"]

1. d4 {[%emt 0:00:10]} Nf6 {[%emt 0:00:00]} 2. c4 {[%emt 0:00:13]} e6 {[%emt 0:00:00]} 3. Nf3 {[%emt 0:00:07]} d5 {[%emt 0:00:00]} 4. Nc3 {[%emt 0:00:07]} Be7 {[%emt 0:00:00]} 5. Bg5 {[%emt 0:00:05]} O-O {[%emt 0:00:15]} 6. e3 {[%emt 0:00:10]} h6 {[%emt 0:00:06]} 7. Bh4 {[%emt 0:00:06]} b6 {[%emt 0:00:05]} 8. g4 {[%emt 0:00:10]} Ne4 {[%emt 0:05:55]} 9. Bxe7 {[%emt 0:00:38]} Qxe7 {[%emt 0:00:12]} 10. h4 {[%emt 0:00:37]} Bb7 {[%emt 0:02:45]} 11. g5 {[%emt 0:24:53]} dxc4 {[%emt 0:10:19]} 12. Rg1 {[%emt 0:21:48]} h5 {[%emt 0:03:38]} 13. Nxe4 {[%emt 0:03:41]} Bxe4 {[%emt 0:00:18]} 14. Nd2 {[%emt 0:00:03]} Bg6 {[%emt 0:00:32]} 15. Nxc4 {[%emt 0:08:27]} Nd7 16. Bd3 {[%emt 0:00:24]} e5 {[%emt 0:04:41]} 17. Bxg6 {[%emt 0:15:07]} fxg6 {[%emt 0:00:15]} 18. Qc2 {[%emt 0:00:55]} exd4 {[%emt 0:04:02]} 19. O-O-O {[%emt 0:00:06]} dxe3 {[%emt 0:12:04]} 20. Nxe3 {[%emt 0:00:33]} Qf7 {[%emt 0:04:17]} 21. Rge1 {[%emt 0:01:21]} Rae8 {[%emt 0:01:54]} 22. Kb1 {[%emt 0:13:08]} Ne5 {[%emt 0:02:08]} 23. Nd5 {[%emt 0:01:07]} c6 {[%emt 0:01:17]} 24. Nb4 {[%emt 0:03:22]} c5 {[%emt 0:00:31]} 25. Nd5 {[%emt 0:00:11]} Nf3 {[%emt 0:01:33]} 26. Re3 {[%emt 0:04:07]} Nd4 {[%emt 0:01:14]} 27. Qc4 {[%emt 0:00:31]} Kh8 {[%emt 0:04:30]} 28. Rde1 {[%emt 0:00:57]} Rd8 {[%emt 0:03:59]} 29. Re5 {[%emt 0:00:54]} Nf3 {[%emt 0:00:09]} 30. R1e2 {[%emt 0:00:20]} Nxe5 {[%emt 0:00:24]} 31. Rxe5 {[%emt 0:00:07]} Qxf2 {[%emt 0:00:16]} 32. Qe4 {[%emt 0:01:02]} Qf1+ {[%emt 0:01:58]} 33. Kc2 {[%emt 0:00:07]} Rf2+ {[%emt 0:00:10]} 34. Kb3 {[%emt 0:00:41]} Qb5+ {[%emt 0:01:34]} 35. Ka3 {[%emt 0:00:01]} Qxb2+ {[%emt 0:00:07]} 36. Ka4 {[%emt 0:00:08]} Qc2+ {[%emt 0:00:15]} 37. Qxc2 {[%emt 0:00:22]} Rxc2 {[%emt 0:00:03]} 38. Ne7 {[%emt 0:00:07]} Kh7 {[%emt 0:00:08]} 39. Re6 {[%emt 0:00:16]} Rxa2+ {[%emt 0:00:46]} 40. Kb3 {[%emt 0:00:19]} Rad2 {[%emt 0:00:54]} 0-1